书目信息 |
| 题名: |
建筑绘
|
|
| 作者: | 飞乐鸟 著 | |
| 分册: | ||
| 出版信息: | 北京 中国水利水电出版社 2014.10 |
|
| 页数: | 168页 | |
| 开本: | 21cm | |
| 丛书名: | ||
| 单 册: | ||
| 中图分类: | TU204.11 | |
| 科图分类: | ||
| 主题词: | 建筑画--绘画技法 , 建筑画 , 绘画技法 | |
| 电子资源: | ||
| ISBN: | 978-7-5170-2339-5 | |
| 000 | 01029nam0 2200265 450 | |
| 001 | 0500003402 | |
| 005 | 20171022093311.0 | |
| 010 | @a978-7-5170-2339-5@dCNY35.80 | |
| 100 | @a20171022e20172014em y0chiy ea | |
| 101 | 0 | @achi |
| 102 | @aCN@b110000 | |
| 105 | @aa z 000yy | |
| 106 | @ar | |
| 200 | 1 | @a建筑绘@9jian zhu hui@e20处唯美建筑的色铅笔图绘@f飞乐鸟著 |
| 210 | @a北京@c中国水利水电出版社@d2014.10@h2017.9 | |
| 215 | @a168页@d21cm | |
| 330 | @a本书以清新淡雅、精致唯美的绘画风格,将20个世界上著名的具有代表性的经典建筑用细腻的彩色铅笔将它们精细的雕工、巧妙的设计、丰富的色彩,以及独特的地理风貌一一表现出来,展现出每一种建筑所独有的建筑特点。让旅游爱好者以及喜爱并想要学习建筑绘画的读者能够跨入建筑绘的大门。 | |
| 517 | 1 | @a20处唯美建筑的色铅笔图绘@920 chu wei mei jian zhu de se qian bi tu hui |
| 606 | 0 | @a建筑画@x绘画技法 |
| 606 | 0 | @a建筑画 |
| 606 | 0 | @a绘画技法 |
| 690 | @aTU204.11@v5 | |
| 701 | 0 | @a飞乐鸟@9fei le niao@4著 |
| 801 | 0 | @aCN@b91MARC@c20171022 |
| 905 | @b1036266-70@dTU204.11@f5@e1266 | |
| 建筑绘:20处唯美建筑的色铅笔图绘/飞乐鸟著.-北京:中国水利水电出版社,2014.10(2017.9) |
| 168页;21cm |
| ISBN 978-7-5170-2339-5:CNY35.80 |
| 本书以清新淡雅、精致唯美的绘画风格,将20个世界上著名的具有代表性的经典建筑用细腻的彩色铅笔将它们精细的雕工、巧妙的设计、丰富的色彩,以及独特的地理风貌一一表现出来,展现出每一种建筑所独有的建筑特点。让旅游爱好者以及喜爱并想要学习建筑绘画的读者能够跨入建筑绘的大门。 |
| ● |
| 相关链接 |
|
|
|
|
正题名:建筑绘
索取号:TU204.11/1266
 
预约/预借
| 序号 | 登录号 | 条形码 | 馆藏地/架位号 | 状态 | 备注 |
| 1 | 1036266 | 210362668 | 第二样本阅览室/ [索取号:TU204.11/1266] | 在馆 | |
| 2 | 1036267 | 210362677 | 第三借阅区/ [索取号:TU204.11/1266] | 在馆 | |
| 3 | 1036268 | 210362686 | 第三借阅区/ [索取号:TU204.11/1266] | 在馆 | |
| 4 | 1036269 | 210362695 | 第三借阅区/ [索取号:TU204.11/1266] | 在馆 | |
| 5 | 1036270 | 210362702 | 密集书库-生命科学系/ [索取号:TU204.11/1266] | 在馆 |